Bhujha na dip pyar ka. (Record no. 83132)

MARC details
000 -LEADER
fixed length control field 00553nam a2200193Ia 4500
003 - CONTROL NUMBER IDENTIFIER
control field OSt
005 - DATE AND TIME OF LATEST TRANSACTION
control field 20240912090609.0
008 - FIXED-LENGTH DATA ELEMENTS--GENERAL INFORMATION
fixed length control field 210210b1965 xxu||||| |||| 00| 0 eng d
040 ## - CATALOGING SOURCE
Transcribing agency AL
041 ## - LANGUAGE CODE
Language code of text/sound track or separate title Hindi
082 ## - DEWEY DECIMAL CLASSIFICATION NUMBER
Classification number H891.1 CHAB
100 ## - MAIN ENTRY--PERSONAL NAME
Personal name CHAUHAN (Nawab Sinha).
Dates associated with a name नवाब सिंह चौहान
9 (RLIN) 179048
245 ## - TITLE STATEMENT
Title Bhujha na dip pyar ka.
Remainder of title बुझा न दीप प्यार का
260 ## - PUBLICATION, DISTRIBUTION, ETC.
Place of publication, distribution, etc. Aligad
Name of publisher, distributor, etc. Bharat Prakashan
Date of publication, distribution, etc. 1965
300 ## - PHYSICAL DESCRIPTION
Extent 144
690 ## - LOCAL SUBJECT ADDED ENTRY--TOPICAL TERM (OCLC, RLIN)
Topical term or geographic name as entry element Hindi Poetry
9 (RLIN) 179049
906 ## - LOCAL DATA ELEMENT F, LDF (RLIN)
a 032193
942 ## - ADDED ENTRY ELEMENTS (KOHA)
Source of classification or shelving scheme Dewey Decimal Classification
Koha item type Book
Holdings
Withdrawn status Lost status Source of classification or shelving scheme Damaged status Not for loan Collection code Home library Current library Date acquired Cost, normal purchase price Total Checkouts Full call number Barcode Date last seen Price effective from Koha item type
    Dewey Decimal Classification     Hindi St Aloysius Library St Aloysius Library 02/17/2021 5.00   H891.1 CHAB 032193 02/17/2021 02/17/2021 Book